00563 2200205 4500001002100000005001700021008004100038035002400079082001300103090002000116100002200136245007000158250001100228260003600239300002500275650002100300850001500321985000600336999001500342YOGYA-0209000002771820090227024152.0 ind  0010-020900000027718 a321.0992 a321.0992bSag P aSAGALA, Budiman B aPraktek sistem ketatanegaraan menurut UUD 1945cBudiman B. Sagala aCet. 1 aJakartabGhalia Indonesiac1982 a167 hlmbilusc21 cm aHukum tatanegara aYOPDYOG(B) a1 aP000017871